Sports Quiz

Random Sports or NHL Quiz

NHL 100 point pace, but not 100 points Quiz Stats

 Plays Quiz not verified by Sporcle

Also try: Big 12
Challenge
Share
Tweet
Embed
Score 0/31 Timer 10:00
0 Plays Today
Year/Team Name % Correct
2017-18/NJDTaylor Hall
100%
2005-06/OTTJason Spezza
90.7%
2017-18/BOSBrad Marchand
88.9%
2017-18/COLNathan MacKinnon
88.9%
1993-94/BOSCam Neely
88.7%
2006-07/CGYJarome Iginla
88.1%
2007-08/DETHenrik Zetterberg
88.1%
2008-09/WSHAlexander Semin
86.8%
2005-06/ATLIlya Kovalchuk
86.1%
1993-94/DALMike Modano
83.4%
1982-83/QUEMarian Stastny
80.8%
1995-96/WPGKeith Tkachuk
76.2%
1972-73/CHIStan Mikita
74.2%
1958-59/MTLJean Beliveau
74.2%
1993-94/BOSRay Bourque
72.8%
1989-90/WINThomas Steen
72.3%
Year/Team Name % Correct
2000-01/LAKZiggy Palffy
71.5%
1992-93/CGYGary Roberts
70.2%
1984-85/PHITim Kerr
68.2%
1993-94/TORDave Andreychuk
66.2%
1971-72/NYRRod Gilbert
66.2%
1960-61/MTLBernie Geoffrion
64.9%
1974-75/BUFRick Martin
64.2%
1977-78/MTLJacques Lemaire
63.6%
1985-86/PHIBrian Propp
62.3%
1992-93/WPGPhil Housley
57.6%
1995-96/PITPetr Nedved
49.7%
1990-91/LAKTomas Sandstrom
49%
1981-82/QUEReal Cloutier
44.4%
1980-81/TORWilf Paiement
33.8%
1985-86/BOSKen Linseman
21.2%

You're not logged in!

Compare scores with friends on all Sporcle quizzes.
OR
Log In

You Might Also Like...

Show Comments

Extras

Top Quizzes Today


Score Distribution

Your Account Isn't Verified!

In order to create a playlist on Sporcle, you need to verify the email address you used during registration. Go to your Sporcle Settings to finish the process.

Report this User

Report this user for behavior that violates our Community Guidelines.

Details: